Missing Word: Shared TV/Movie II Quiz Stats

 Plays Quiz Updated Aug 8, 2017

Support Sporcle.
Go Orange.
Score 0/30 Timer 02:00
0 Plays Today
Movie Word % Correct
The _____ Lebowski Big
97.7%
A Bug's _____ Life
96.9%
The _____ of TidesPrince
96.6%
Mean _____Girls
95.3%
_____ AloneHome
94.4%
The Last _____ of ScotlandKing
93.7%
When Harry _____ Sally...Met
93.1%
The Truman _____Show
93.1%
Coyote _____Ugly
93%
A Nightmare on Elm _____Street
91.4%
The _____ of LifeTree
90.1%
Scott Pilgrim vs. the _____World
90.1%
Night of the _____ DeadLiving
89.9%
The _____ LagoonBlue
89.1%
Dial M for _____Murder
86.6%
Movie Word % Correct
_____ GunTop
85.4%
_____ StarRock
85.4%
Animal _____ House
85.3%
The _____ StoneFamily
84.5%
In the Line of _____ Fire
84%
What _____ WantWomen
83.7%
Moon Over _____ Miami
79.5%
The _____ StormPerfect
78.3%
Last Action _____ Hero
73.9%
_____ Easy PiecesFive
73.4%
_____ of SolaceQuantum
73.3%
Desperately Seeking _____ Susan
66.2%
_____ FloatsHope
64.1%
_____ Boys Wonder
60.3%
In the Name of the _____ Father
59.7%

Today's Daily Dose

Missing Word
'Y-Z' Pairs

Quick Pick
MCU Directors

You're not logged in!

Compare scores with friends on all Sporcle quizzes.
OR
Log In
Forgot?

From the Vault

Vowel Cut Celebrities VI

by I-Am-Batman

We'd like to introduce you to Bru Spri, Zo Sa, and Ru Ba Gi.
Remove Ads.
Support Sporcle.
Get the best of Sporcle when you Go Orange. This ad-free experience offers more features, more stats, and more fun while also helping to support Sporcle. Thank you for becoming a member.

Show Comments

Extras

Top Quizzes Today


Score Distribution

Your Account Isn't Verified!

In order to create a playlist on Sporcle, you need to verify the email address you used during registration. Go to your Sporcle Settings to finish the process.

Report this User

Report this user for behavior that violates our Community Guidelines.

Details: